| 000 | 00900nam a2200265Ia 4500 | ||
|---|---|---|---|
| 003 | OSt | ||
| 005 | 20220918171445.0 | ||
| 006 | a|||||r|||| 00| 0 | ||
| 007 | ta | ||
| 008 | 220917b |||||||| |||| 00| 0 eng d | ||
| 020 |
_a9781787548459 (hbk) _cUKP 72.95 |
||
| 024 | _a349,156 | ||
| 037 |
_b57017, 22/01/2019, Segment Book Distributors _cTextual |
||
| 040 |
_aARTS _cARTS _beng |
||
| 041 |
_2eng _aeng |
||
| 082 | _aS:52, Q8 | ||
| 100 |
_aPetitta Laura [...et al] Ed. _936722 |
||
| 245 | 0 | _aIndividual, relational, and contextual dynamics of emotions | |
| 260 |
_aBingley _bEmerald Publishing UK _c2018 |
||
| 300 |
_axxii,308p. _ccm. |
||
| 490 | _aResearch on emotion in organization; Vol. 14 | ||
| 650 |
_aEMOTIONS; PSYCHOLOGY _921879 |
||
| 942 |
_hS:52, Q8 _cTEXL _2CC |
||
| 999 |
_c139653 _d139653 |
||